Warsaw Pact Countries and allies - Statistics

General Stats
  • This quiz has been taken 160 times
  • The average score is 11 of 18
Answer Stats
Warsaw Pact and Allies % Correct
Poland Member
97%
Soviet Union Member
97%
Romania Member
96%
Bulgaria Member
94%
Czechoslovakia Member
90%
Hungary Member
90%
East Germany Member
85%
North Korea Ally
82%
Cuba Ally
73%
Mongolia Ally
57%
Syria Ally
49%
Afghanistan Ally
48%
Iraq Ally
47%
Egypt Ally
43%
North Vietnam Ally
32%
Myanmar Ally
28%
Mali Ally
10%
Guinea Ally
9%
No matching quizzes found
Score Distribution
Percent of People with Each Score
Percentile by Number Answered
Your Score History
You have not taken this quiz